Szczegóły MARC21

Uwarunkowania rozwoju somatycznego dzieci łódzkich w okresie osiągania szkolnej dojrzałości edukacyjnej /

003 -Nazwa inst., której nr kontr. jest w polu 001 [,]
    • @
    • Nazwa instytucji, której n kontrolny jest w polu 001
    • NUKAT
005 -DATA I CZAS OSTATNIEJ MODYFIKACJI [,]
    • @
    • pole kontrolne
    • 20241231102127.0
020 -Międzynarod. znormalizowany nr książki - ISBN [ , ]
    • a
    • Numer ISBN
    • 8371713207 Find
040 -Instytucja sporządzająca opis [ , ]
    • a
    • Instytucja, która sporządziła opis (NP)
    • KR 122/DP
    • c
    • Instytucja, która sporządziła rekord (NP)
    • KR 122/DP
    • d
    • Instytucja, która zmodyfikowała rekord (P)
    • KR 122/MN
    • d
    • Instytucja, która zmodyfikowała rekord (P)
    • Ł U/JOs
942 -Rodzaj dokumentu [ , ]
    • c
    • Rodzaj dokumentu
    • Książka
100 -Hasło główne - nazwa osobowa [1, ]
    • a
    • Nazwa osobowa (NP)
    • Malinowski, Andrzej
    • d
    • Daty biograficzne (NP)
    • (1934- ).
    • 9
    • KHW
    • 15191
245 -Strefa tytułu i oznaczenia odpowiedzialności [1,0]
    • a
    • Tytuł
    • Uwarunkowania rozwoju somatycznego dzieci łódzkich w okresie osiągania szkolnej dojrzałości edukacyjnej / Find
    • c
    • Pozostałe elementy strefy tytułu i oznaczenia odpowiedzialności (NP)
    • Andrzej Malinowski, Wiesław Skoczylas.
260 -Strefa adresu wydawniczego [ , ]
    • a
    • Miejsce wydania (P)
    • Łódź :
    • b
    • Nazwa wydawcy (P)
    • Wydaw. Uniwersytetu Łódzkiego,
    • c
    • Data wydania (P)
    • 2000.
300 -Strefa opisu fizycznego [ , ]
    • a
    • Określenie formy książki i/lub objętość (NP)
    • 203, [2] s. :
    • b
    • Oznaczenie ilustracji (NP)
    • wykr. ;
    • c
    • Format (NP)
    • 24 cm.
336 -Typ zawartości [ , ]
    • a
    • Termin opisujący typ zawartości
    • Tekst
    • b
    • Kod określający zawartość
    • txt
    • 2
    • Źródło (terminu i kodu)
    • rdacontent
337 -Typ mediów [ , ]
    • a
    • Tryb odtwarzania
    • Bez urządzenia pośredniczącego
    • b
    • Kod typu mediów
    • n
    • 2
    • Źródło (terminu i kodu)
    • rdamedia
338 -Typ/rodzaj nośnika [ , ]
    • a
    • Hasło opisujące typ nośnika
    • Wolumin
    • b
    • Kod typu nośnika
    • nc
    • 2
    • Źródło (terminu i kodu)
    • rdacarrier
500 -Uwaga ogólna [ , ]
    • a
    • Uwaga ogólna (NP)
    • Gł. tabele.
504 -Uwaga dot. bibliogr. załącznikowej [ , ]
    • a
    • Uwaga dot. bibliografii załącznikowej
    • Bibliogr. s. 39-50.
650 -Hasło przedmiotowe [ ,7]
    • a
    • Hasło przedmiotowe
    • Dojrzałość szkolna.
    • 2
    • Źródło terminu
    • kaba
    • 9
    • KHW
    • 106149
650 -Hasło przedmiotowe [ ,7]
    • a
    • Hasło przedmiotowe
    • Dzieci
    • x
    • Określnik rzeczowy
    • antropometria
    • z
    • Określnik geograficzny
    • Polska
    • z
    • Określnik geograficzny
    • Łódź.
    • 2
    • Źródło terminu
    • kaba
    • 9
    • KHW
    • 508450
650 -Hasło przedmiotowe [ ,7]
    • a
    • Hasło przedmiotowe
    • Dzieci
    • x
    • Określnik rzeczowy
    • rozwój.
    • 2
    • Źródło terminu
    • kaba
    • 9
    • KHW
    • 106868
700 -Hasło dodatkowe - nazwa osobowa [1, ]
    • a
    • Nazwa osobowa (NP)
    • Skoczylas, Wiesław Find
    • d
    • Daty biograficzne (NP)
    • ( -2011).
    • 9
    • KHW
    • 506362
710 -Hasło dodatkowe - nazwa ciała zbiorowego [2, ]
    • a
    • Nazwa ciała zbiorowego lub nazwa geograficzna jako pierwszy element (NP)
    • Uniwersytet Łódzki.
    • b
    • Nazwa jednostki podrzędnej (P)
    • Wydawnictwo.
    • 4
    • Kod relacji
    • pbl
    • 9
    • KHW
    • 52189
920 -ISBN [ , ]
    • a
    • ISBN
    • 83-7171-320-7 Find
Numer inwentarzowy Status udost. Lokalizacja Data inwentaryzacji
Pd.142821BG2001-10-03